| 000 | 00911nam a2200217 4500 | ||
|---|---|---|---|
| 003 | OSt | ||
| 005 | 20240618055032.0 | ||
| 006 | a | ||
| 008 | 240618b |||||||| |||| 00| 0 eng d | ||
| 040 |
_aDWCL-Main lib. _cOC |
||
| 082 | _aFil. 060.92 P552w 1998 | ||
| 110 | _aPhilippines. Office of ASEAN Affairs | ||
| 245 | _ahilippines. Office of ASEAN Affairs Winning the challenges of the new millennium : a commemorative book on the occasion of the 31st ASEAN Ministerial Meeting and related meetings, 20-29 July 1998, Manila, Philippines / | ||
| 260 |
_aManila : _bOffice of ASEAN Affairs, Dept. of Foreign Affairs, Republic of the Phils., _cc1998. |
||
| 300 |
_b157 p. : ill. ; _c28 cm. |
||
| 504 | _aIncludes bibliographical references. | ||
| 650 | _a1. ASEAN–Congresses. | ||
| 650 | _a2. Philippines–Congresses. | ||
| 710 | _aPhilippines. Office of ASEAN Affairs | ||
| 942 |
_2ddc _n0 _cBK-CIRC _kCirc. |
||
| 999 |
_c820 _d820 |
||